Paroles : Regarde comme il fait beau - Casseurs Flowters - Statistiques

Statistiques générales
  • Ce quiz a été pris 201 fois
  • Le résultat moyen est 238 sur 425
Statistiques - réponses
Paroles % Correct
B
100%
beau
99%
comme
99%
Comme
99%
fait
99%
il
99%
Il
99%
Regarde
99%
de
98%
à
97%
dehors
97%
chaud
94%
Le
94%
le
94%
C'est
93%
c'est
93%
la
93%
La
93%
jouer
92%
l'heure
92%
sortir
92%
aller
91%
les
91%
pour
91%
Faut
90%
s'aérer
89%
j'me
83%
J'me
83%
par
80%
couilles !
79%
j'ai
79%
J'ai
79%
ma
79%
m'a
79%
rien
77%
J'm'en
76%
Au
75%
au
75%
et
75%
bats
73%
ça
72%
des
72%
Des
72%
m'en
72%
Mon
72%
mon
72%
un
70%
"Un
70%
branlé
69%
branle
69%
mes
69%
pas
69%
qui
69%
une
66%
fatigue
65%
Fatigué,
65%
qu'à
65%
sûr
65%
sur
65%
d'avoir
64%
plan
63%
est
62%
j'suis
61%
J'suis
61%
pizza
61%
foutre,
60%
aucun
58%
Aucun
58%
c'était
57%
manger
57%
part
57%
d'rien
56%
fin
56%
mort
55%
Abattu
54%
cochon
54%
d'Inde
54%
donnais
54%
faim,
54%
j'lui
54%
nus
54%
projet
54%
Tout
54%
tout
54%
Tu
53%
plus
52%
rater !
51%
santé
51%
dans
50%
ex :
50%
objectif :
50%
On
50%
on
50%
pied
50%
froide
49%
assiettes
48%
fakir,
48%
jamais
48%
cassées
47%
J'pense
47%
photos
47%
quand
47%
Si
47%
j'marche
46%
m'esquinter
46%
Non !
46%
pieds
46%
rappeler
45%
rapper
45%
traîne
45%
traîne"
45%
du
44%
même
44%
mal
43%
manqués :
43%
peut
43%
Quinze
43%
va,
43%
va
43%
d'jamais
42%
appels
41%
place
41%
cendrier
40%
poussière
40%
changer
39%
en
39%
J'écris
39%
j'prends
39%
J'prends
39%
rappelle-moi
39%
chanter,
38%
devenir
38%
p'tit
38%
déj',
37%
force
37%
Lexo
37%
d'chanson :
36%
juste
36%
canapé
35%
flemme
35%
j'en
35%
monnaie,
35%
panne
35%
réseau
35%
réveil
35%
sent
35%
tes
35%
barre
34%
c'qui
34%
d'clope
34%
glander,
34%
couvert
33%
crasse
33%
carré,
32%
l'balai,
32%
m'ennuyer
32%
y'a
32%
boîte
31%
bon
31%
d'vacances
31%
flashs
31%
j'finis
31%
peux
31%
pucelle
31%
j'les
30%
dix
29%
fera
29%
gang-bang :
29%
garder
29%
jette
29%
carrelage
28%
crâne
28%
d'énergie,
28%
exos,
28%
fenêtres
28%
j'souris
28%
j'trouve
28%
malade
28%
mètres
28%
m'reste
28%
qu'une
28%
tentacules
28%
18
27%
bizarres,
27%
films
27%
gaule
27%
j'calcule
27%
clope,
26%
d'fléchettes
26%
parties
26%
poubelles :
26%
d'mes
25%
rendre
25%
bout
24%
d'aller
24%
J'vais
24%
J'vis
24%
l'autre
24%
midi,
24%
rester
24%
réveille
24%
viens
24%
l'périph',
23%
t'as
23%
d'oreiller"
22%
femmes,
22%
fume
22%
lance
22%
taie
22%
l'intérieur
21%
"nouvelle
21%
avec
20%
Déchiré
20%
d'finir
20%
j'crois
20%
lève
20%
qu'on
20%
bloqués
19%
fort
19%
Pff...
19%
fringues :
18%
lycée
18%
marge,
18%
calzone :
17%
Cash :
17%
chance
17%
d'nouvelles
17%
Easy
17%
histoires,
17%
j'provoque
17%
mauvais
17%
pizzas,
17%
remasteriser
17%
restés
17%
taux
17%
t-shirt
17%
vieilles
17%
d'latence
16%
égale
16%
J'avance
16%
nettoyer
16%
portraits
16%
vannes
16%
j'dors,
15%
j'végète
15%
monnayer
15%
Puis
15%
syncope,
15%
contraire :
14%
ici ?"
14%
jeux
14%
Ouais,
14%
ouais...
14%
pendant
14%
"Bonjour,
13%
celle
13%
détache
13%
l'sens
13%
prêté
13%
propre
13%
taf,
13%
d'après
12%
pense
12%
J'descends
10%
J'veux
10%
l'évolution
10%
qu'j'la
10%
J'allume
9%
m'foute
9%
paix,
9%
Playstation
9%
tise
9%
j'trace
8%
pointer
8%
J'frôle
6%
J'ramasse
6%
quatre-saisons
6%
Aucun quiz correspondant
Distribution des résultats
% des personnes avec chaque résultat
Percentile par nombre de réponses
Votre historique - résultats
Vous n’avez pas pris ce quiz